000 00343nam a22001337a 4500
020 _a8177589776
082 _222
_a621.3815220
100 _aPierret, Robert F.
245 _aSemiconductor devices fundamentals /
250 _a2nd.
260 _aNew Delhi
_bPearson Education,
_cc2006.
300 _axxii, 993p. ;
_bill. ;
_c24 cm.
942 _2ddc
_cEE
999 _c7
_d7